000 01051cam a22003014a 4500
001 11914795
003 0439162955
005 20140310184456.0
008 000216s2000 nyua b 001 0 eng
010 _a 00025359
020 _a0439162955
040 _aDLC
_cDLC
_dDLC
042 _apcc
_alcac
050 0 0 _aQL 737.C22
_b.Ot88 2000
100 1 _aOtto, Carolyn.
_928412
245 1 0 _aWolves /
_cby Carolyn B. Otto.
260 _aNew York, NY :
_bScholastic,
_cc2000.
300 _a48 p. :
_bcol. ill. ;
_c23 cm.
440 0 _aScholastic science readers.
_nLevel 3,
_pAges 7 and 8
_928413
521 _aG5
526 _c760
650 0 _aWolves
_vJuvenile literature.
_928414
650 1 _aWolves.
_928415
906 _a7
_bcbc
_corignew
_d1
_eocip
_f20
_gy-gencatlg
942 _2lcc
_cBK-SCHOLAS
999 _c34667
_d34667